Detalles MARC
| 000 -LIDER |
| fixed length control field |
01038nam a22003137a 4500 |
| 001 - NÚMERO DE CONTROL |
| Identificador de número de control |
00002546 |
| 003 - IDENTIFICACDOR DE NÚMERO DE CONTROL |
| control field |
DO-SdBNP |
| 005 - DATE AND TIME OF LATEST TRANSACTION |
| control field |
20240516134501.0 |
| 007 - CAMPOS FIJOS DE DESCRIPCIÓN FÍSICA |
| fixed length control field |
00002546 |
| 008 - ELEMENTOS DE LONGITUD FIJA |
| fixed length control field |
160603b 2006 sp a | 00| 0 spa d |
| 020 ## - ISBN |
| International Standard Book Number |
9788498380286 |
| 040 ## - FUENTE DE CATALOGACIÓN |
| Agencia que crea de manera original el registro |
BPMSU |
| Idioma de catalogación |
spa |
| Agencia que realiza la transcripción |
BPMSU |
| 082 #4 - NÚMERO DE CLASIFICACIÓN DECIMAL DE DEWEY |
| Classification number |
896.3 |
| Item number |
P337c 2006 |
| Edition number |
22 |
| 100 1# - ASIENTO PRINCIPAL -- NOMBRE PERSONAL |
| Nombre personal |
Paver, Michelle |
| Fechas asociadas con el nombre |
1960- |
| 245 10 - MENCIÓN DE TITULO |
| Título |
El clan de la foca |
| Subtítulo |
crónicas de la prehistoria II / |
| Mención de responsabilidad |
Michelle Paver ; traducción, Patricia Amón de Vez ; ilustraciones del interior, Geoff Taylor. |
| 260 ## - PUBLICACIÓN, DISTRIBUCIÓN, ETC. (PIE DE IMPRENTA) |
| Lugar de publicación, distribución, etc |
Barcelona : |
| Nombre del editor, distribuidor, etc. |
Salamandra, |
| Fecha de publicación, distribución, etc |
2006. |
| 300 ## - DESCRIPCIÓN FÍSICA |
| Extensión |
252 p. : |
| Otros detalles físicos |
il., mapas ; |
| Dimensiones |
23 cm. |
| 500 ## - NOTA GENERAL |
| Nota general |
Público juvenil |
| 500 ## - NOTA GENERAL |
| Nota general |
Incluye datosde la autora. |
| 534 ## - NOTA SOBRE LA VERSIÓN ORIGINAL |
| Frase introductoria |
Título oirignal : |
| Mención del título original |
Spirit walker |
| 590 ## - NOTA LOCAL |
| Texto de la nota local |
Inventariado, 2024/VM |
| 650 #4 - ENCABEZAMIENTO DE MATERIA--TEMÁTICO |
| Término temático o nombre geográfico como elemento de entrada |
Novela africana. |
| 650 #4 - ENCABEZAMIENTO DE MATERIA--TEMÁTICO |
| Término temático o nombre geográfico como elemento de entrada |
Preshistoria |
| Subdivisión temática general |
Novela |
| 650 #4 - ENCABEZAMIENTO DE MATERIA--TEMÁTICO |
| Término temático o nombre geográfico como elemento de entrada |
Viajes |
| Subdivisión temática general |
Novela |
| 700 1# - ASIENTO SECUNDARIO -- NOMBRE PERSONAL |
| Nombre personal |
Taylor, Geoff, |
| Mención de responsabilidad |
tr. |
| 700 1# - ASIENTO SECUNDARIO -- NOMBRE PERSONAL |
| Nombre personal |
Antón de Vez, Patricia, |
| Mención de responsabilidad |
tr. |
| 910 ## - VALIDACIÓN |
| Validación |
LOPEREZ/ VMateo V. Control de calidad. BPMSU |
| 942 ## - ADDED ENTRY ELEMENTS (KOHA) |
| Source of classification or shelving scheme |
Dewey Decimal Classification |
| Koha item type |
Libros |